| 000 | 00583nam a22001817a 4500 | ||
|---|---|---|---|
| 999 |
_c190565 _d190565 |
||
| 005 | 20220727163832.0 | ||
| 010 | _aENG-134054 | ||
| 020 | _a9788176467865 | ||
| 035 | _aEN-117586 | ||
| 037 | _bDBAD/PUB | ||
| 082 | _a882.08 | ||
| 100 | _aBudholia, Om Prakash | ||
| 245 |
_aGIRISH KARNAD: _bPoetics & Aesthetics/ _cOm Prakash Budholia |
||
| 260 |
_aDelhi _bB. R.Publishing Corporation _c2011 |
||
| 270 |
_a425, Nimri Colony Ashok Vihar, Phase-IV _bDelhi _e110052 _mbrpc@vsnl.com |
||
| 300 |
_a206p. _c22m(Pbk) _bBiblography & index |
||
| 942 |
_2ddc _cEN _h882.08 _mBUD |
||